| 000 | 00372nam a22001457a 4500 | ||
|---|---|---|---|
| 082 |
_a940.4 _bGAL _cD |
||
| 100 |
_aGallipoli _949364 |
||
| 245 |
_aThe gallipoli campaign _cGAL |
||
| 300 |
_a86 p.: _bIll,; _c16 cm |
||
| 526 |
_a0 _b0 _c0 _d940_400000000000000_GAL |
||
| 526 |
_a0 _b0 _c0 _d940_400000000000000_GAL |
||
| 650 |
_aD _96527 |
||
| 650 |
_aMCE _9379 |
||
| 942 |
_2ddc _cBK |
||
| 999 |
_c552153 _d552153 |
||